The Incorporated Society for the Management and Distribution of the Literary Fund. (Record no. 183743)
[ view plain ]
| 000 -LEADER | |
|---|---|
| campo de control de longitud fija | 00628nam a2200169 i 4500 |
| 001 - NÚMERO DE CONTROL | |
| campo de control | 183743 |
| 003 - IDENTIFICADOR DE NÚMERO DE CONTROL | |
| campo de control | ES-MaACL |
| 005 - FECHA Y HORA DE LA ÚLTIMA TRANSACCIÓN | |
| campo de control | 20230906221949.0 |
| 008 - DATOS DE LONGITUD FIJA--INFORMACIÓN GENERAL | |
| campo de control de longitud fija | 141008s1838 xxk |||| | eng d |
| 110 2# - ENTRADA PRINCIPAL--NOMBRE DE ENTIDAD CORPORATIVA | |
| Nombre de entidad corporativa o nombre de jurisdicción como elemento de entrada | The Literary Fund. |
| 9 (RLIN) | 155681 |
| 245 14 - MENCIÓN DEL TÍTULO | |
| Título | The Incorporated Society for the Management and Distribution of the Literary Fund. |
| 260 ## - PUBLICACIÓN, DISTRIBUCIÓN, ETC. | |
| Lugar de publicación, distribución, etc. | London : |
| Nombre del editor, distribuidor, etc. | Printed by order of the Committee, by J. B. Nichols and Son, |
| Fecha de publicación, distribución, etc. | 1838. |
| 300 ## - DESCRIPCIÓN FÍSICA | |
| Extensión | 49 p., [1] h. pleg. ; |
| Dimensiones | 20 cm. |
| 500 ## - NOTA GENERAL | |
| Nota general | Includes the charter of the Society, bye-laws, and a list of members. |
| 610 24 - PUNTO DE ACCESO ADICIONAL DE MATERIA--NOMBRE DE ENTIDAD CORPORATIVA | |
| Nombre de entidad corporativa o nombre de jurisdicción como elemento de entrada | The Literary Fund. |
| 9 (RLIN) | 155681 |
| 852 4# - LOCALIZACIÓN | |
| Ubicación | ES-MaACL |
| Número de control de estantería | T-16-F-6 |
| Estatus retirado | Estado de pérdida | Estado de daño | No para préstamo | Colección | Biblioteca de origen | Biblioteca actual | Ubicación en estantería | Fecha de adquisición | Fuente de adquisición | Total de préstamos | Signatura topográfica completa | Código de barras | Visto por última vez | Precio de reemplazo | Tipo de ítem Koha |
|---|---|---|---|---|---|---|---|---|---|---|---|---|---|---|---|
| Colección de folletos | Biblioteca del Ateneo de Madrid | Biblioteca del Ateneo de Madrid | Depósito folletos | 08/10/2014 | T-16-F-6 | 1193179 | 23/02/2023 | 23/02/2023 | Folleto |
